| 000 -LEADER |
| fixed length control field |
01221nam a22002297a 4500 |
| 003 - CONTROL NUMBER IDENTIFIER |
| control field |
OSt |
| 005 - DATE AND TIME OF LATEST TRANSACTION |
| control field |
20260122195438.0 |
| 008 - FIXED-LENGTH DATA ELEMENTS--GENERAL INFORMATION |
| fixed length control field |
230414b ||||| |||| 00| 0 eng d |
| 040 ## - CATALOGING SOURCE |
| Transcribing agency |
Ost |
| 041 ## - LANGUAGE CODE |
| Language code of text/sound track or separate title |
Shan |
| 082 ## - DEWEY DECIMAL CLASSIFICATION NUMBER |
| Classification number |
001 |
| 245 ## - TITLE STATEMENT |
| Title |
လႅင်းသႂ်တႆးမၢႆ-1။ |
| Statement of responsibility, etc. |
ငဝ်ႈငုၼ်းၵေႃလိၵ်ႈလၢႆးလႄႈၾိင်ႈငႄႈတႆး |
| 250 ## - EDITION STATEMENT |
| Edition statement |
ပွၵ်ႈၵမ်း-2 |
| 260 ## - PUBLICATION, DISTRIBUTION, ETC. |
| Place of publication, distribution, etc. |
တႃႈၵုင်ႈ |
| Name of publisher, distributor, etc. |
မွၵ်ႇၵူႇသွႆႈလႅင် |
| Date of publication, distribution, etc. |
1999 |
| 300 ## - PHYSICAL DESCRIPTION |
| Extent |
165 ၼႃႈ |
| Other physical details |
ႁၢငႈ |
| Dimensions |
21 ၸိၼ်ႇထီႇ |
| 500 ## - GENERAL NOTE |
| General note |
S-SAT: Dr. Prof Sai Aung Tun |
|
| General note |
ပပ်ႉၸဝ်ႈတႃႇၼႁင်းၶေႃ တွၵ်ႉတိူဝ်ႇၸၢႆးဢွင်ႇထုၼ်း၊ တႅမ်ႈဝႆႉတင်းတႆး၊ မၢၼ်ႈ လႄႈ ဢင်းၵိတ်းသၢမ်ၽႃႇသႃႇ။ တီႈမၢႆတွင်းၽုၺ်ႇလုမ်းငဝ်ႈငုၼ်းဝၼ်းထ 2၊ 6၊ 2012။ |
| 650 ## - SUBJECT ADDED ENTRY--TOPICAL TERM |
| Topical term or geographic name entry element |
ပႁုသုတ (တၢင်းႁူႉၵူႈလွင်ႈလွင်ႈ) |
| 942 ## - ADDED ENTRY ELEMENTS (KOHA) |
| Koha item type |
Book (Short term) |
|
| Source of classification or shelving scheme |
|
|
| Source of classification or shelving scheme |
|